Computer-integrated manufacturing / (Record no. 32818)
[ view plain ]
| 000 -LEADER | |
|---|---|
| fixed length control field | 01232cam a22003738a 4500 |
| 001 - CONTROL NUMBER | |
| control field | 11463867 |
| 003 - CONTROL NUMBER IDENTIFIER | |
| control field | OSt |
| 005 - DATE AND TIME OF LATEST TRANSACTION | |
| control field | 20211214130739.0 |
| 006 - FIXED-LENGTH DATA ELEMENTS--ADDITIONAL MATERIAL CHARACTERISTICS | |
| fixed length control field | m d |
| 007 - PHYSICAL DESCRIPTION FIXED FIELD--GENERAL INFORMATION | |
| fixed length control field | cr n |
| 008 - FIXED-LENGTH DATA ELEMENTS--GENERAL INFORMATION | |
| fixed length control field | 880426s1988 enk sb 00100 eng d |
| 020 ## - INTERNATIONAL STANDARD BOOK NUMBER | |
| International Standard Book Number | 9788120333451 |
| Terms of availability | £35.00 |
| 035 ## - SYSTEM CONTROL NUMBER | |
| System control number | (WaSeSS)ssj0001063278 |
| 038 ## - RECORD CONTENT LICENSOR | |
| Staff Name | Khadija |
| 040 ## - CATALOGING SOURCE | |
| Modifying agency | WaSeSS |
| Transcribing agency | . |
| 050 #4 - LIBRARY OF CONGRESS CALL NUMBER | |
| Classification number | TS155.6 |
| Item number | .C654 2011 |
| 082 0# - DEWEY DECIMAL CLASSIFICATION NUMBER | |
| Classification number | 670.285 |
| Edition number | 19 |
| Author Mark | ALA |
| 100 ## - MAIN ENTRY--PERSONAL NAME | |
| Personal name | Alavudeen, A. |
| 9 (RLIN) | 86605 |
| 210 10 - ABBREVIATED TITLE | |
| Abbreviated title | Computer-integrated manufacturing |
| 245 00 - TITLE STATEMENT | |
| Title | Computer-integrated manufacturing / |
| Statement of responsibility, etc. | A. Alavudeen |
| 260 0# - PUBLICATION, DISTRIBUTION, ETC. | |
| Place of publication, distribution, etc. | London ; |
| -- | Boston : |
| Name of publisher, distributor, etc. | Butterworths, |
| Date of publication, distribution, etc. | 1988. |
| 263 ## - PROJECTED PUBLICATION DATE | |
| Projected publication date | 8807 |
| 500 ## - GENERAL NOTE | |
| General note | Includes index. |
| 504 ## - BIBLIOGRAPHY, ETC. NOTE | |
| Bibliography, etc. note | Bibliography: p. |
| 506 ## - RESTRICTIONS ON ACCESS NOTE | |
| Terms governing access | License restrictions may limit access. |
| 563 ## - BINDING INFORMATION | |
| Binding note | PB |
| 650 #0 - SUBJECT ADDED ENTRY--TOPICAL TERM | |
| Topical term or geographic name entry element | Computer integrated manufacturing systems. |
| 9 (RLIN) | 86606 |
| 650 #0 - SUBJECT ADDED ENTRY--TOPICAL TERM | |
| Topical term or geographic name entry element | Production engineering |
| General subdivision | Data processing. |
| 9 (RLIN) | 86607 |
| 700 10 - ADDED ENTRY--PERSONAL NAME | |
| Personal name | Weatherall, Alan. |
| 9 (RLIN) | 86608 |
| 773 #0 - HOST ITEM ENTRY | |
| Title | eBook - Engineering (Legacy 2) [EBCEL2] |
| 856 40 - ELECTRONIC LOCATION AND ACCESS | |
| Uniform Resource Identifier | <a href="http://www.columbia.edu/cgi-bin/cul/resolve?clio11463867">http://www.columbia.edu/cgi-bin/cul/resolve?clio11463867</a> |
| Public note | Full text available from eBook - Engineering (Legacy 2) [EBCEL2] |
| 910 ## - USER-OPTION DATA (OCLC) | |
| User-option data | Library of Congress record |
| 942 ## - ADDED ENTRY ELEMENTS (KOHA) | |
| Source of classification or shelving scheme | |
| Koha item type | Book |
| Withdrawn status | Lost status | Source of classification or shelving scheme | Damaged status | Not for loan | Permanent Location | Current Location | Shelving location | Date acquired | Total Checkouts | Full call number | Barcode | Date last seen | Date last checked out | Price effective from | Koha item type |
|---|---|---|---|---|---|---|---|---|---|---|---|---|---|---|---|
| School of Mechanical & Manufacturing Engineering (SMME) | School of Mechanical & Manufacturing Engineering (SMME) | General Stacks | 11/25/2015 | 1 | 670.285 ALA | SMME-1667 | 06/25/2024 | 09/28/2022 | 11/25/2015 | Book |
